LISTE ANGLETERRE POUR COUPE DU MONDE 2026 - Statistiques

Statistiques générales
  • Ce quiz a été pris 47 fois
    6 depuis la dernière actualisation
  • Le résultat moyen est 15 sur 27
Statistiques - réponses
POSTE CLUB NOM % Correct
ENTRAINEUR ANGLETERRE TUCHEL
100%
MILIEU REAL MADRID BELLINGHAM
80%
ATTAQUANT NEWCASTLE GORDON
80%
ATTAQUANT BAYERN MUNICH KANE
80%
ATTAQUANT FC BARCELONE RASHFORD
80%
MILEU ARSENAL RICE
80%
ATTAQUANT ARSENAL SAKA
80%
ATTAQUANT ASTON VILLA WATKINS
80%
ATTAQUANT ARSENAL EZE
60%
DEFENSEUR CHELSEA JAMES
60%
DEFENSEUR ASTON VILLA KONSA
60%
GARDIEN EVERTON PICKFORD
60%
DEFENSEUR LEVERKUSEN QUANSAH
60%
MILIEU ASTON VILLA ROGERS
60%
DEFENSEUR MANCHESTER CITY STONES
60%
ATTAQUANT AL AHLY TONEY
60%
GARDIEN MANCHESTER CITY TRAFFORD
60%
MILIEU CRYSTAL PALACE WHARTON
60%
MILIEU NOTTINGHAM FOREST ANDERSON
40%
DEFENSEUR BRIGHTON DUNK
40%
DEFENSEUR MANCHESTER CITY GUEHI
40%
GARDIEN CRYSTAL PALACE HENDERSON
40%
MILIEU BRENTFORD HENDERSON
40%
ATTAQUANT ARSENAL MADUEKE
40%
DEFENSEUR MANCHESTER CITY O'REILLY
20%
DEFENSEUR NEWCASTLE LIVRAMENTO
0%
DEFENSEUR TOTTENHAM HOTSPURS SPENCE
0%
Aucun quiz correspondant
Distribution des résultats
% des personnes avec chaque résultat
Percentile par nombre de réponses
Votre historique - résultats
Vous n’avez pas pris ce quiz depuis la dernière actualisation